Origin of the cap rock of Louisiana salt domes, (Record no. 27490)

MARC details
000 -LEADER
fixed length control field 01018cam a22002651 4500
001 - CONTROL NUMBER
control field gs 38000276
003 - CONTROL NUMBER IDENTIFIER
control field DLC
005 - DATE AND TIME OF LATEST TRANSACTION
control field 20260227111343.0
008 - FIXED-LENGTH DATA ELEMENTS--GENERAL INFORMATION
fixed length control field 780223s1938 lauabc 001 0 eng c
010 ## - LIBRARY OF CONGRESS CONTROL NUMBER
LC control number gs 38000276
035 ## - SYSTEM CONTROL NUMBER
System control number (OCoLC)3663146
040 ## - CATALOGING SOURCE
Original cataloging agency U.S. Geol. Survey. Libr.
Transcribing agency ArLUA
Modifying agency OCoLC
-- DLC
050 00 - LIBRARY OF CONGRESS CALL NUMBER
Classification number QE117
Item number .A22 no. 11
100 1# - MAIN ENTRY--PERSONAL NAME
Personal name Taylor, Ralph E.
Fuller form of name (Ralph Emerson),
Dates associated with a name 1905-
245 10 - TITLE STATEMENT
Title Origin of the cap rock of Louisiana salt domes,
Statement of responsibility, etc. by Ralph E. Taylor.
260 ## - PUBLICATION, DISTRIBUTION, ETC.
Place of publication, distribution, etc. New Orleans, La.,
Name of publisher, distributor, etc. Published by Dept. of conservation, Louisiana Geological survey,
Date of publication, distribution, etc. 1938.
300 ## - PHYSICAL DESCRIPTION
Extent xiv, 191 p. incl. illus., XXVI pl., tables, diagrs.
Other physical details fold. map (in pocket)
Dimensions 23 cm.
490 0# - SERIES STATEMENT
Series statement Louisiana. Dept. of conservation. Geological bulletin
Volume/sequential designation no. 11
504 ## - BIBLIOGRAPHY, ETC. NOTE
Bibliography, etc. note Appendix C: Bibliography: p. 138-155.
650 #0 - SUBJECT ADDED ENTRY--TOPICAL TERM
Topical term or geographic name entry element Petroleum
Geographic subdivision Louisiana.
650 #0 - SUBJECT ADDED ENTRY--TOPICAL TERM
Topical term or geographic name entry element Geology
Geographic subdivision Louisiana.
650 #0 - SUBJECT ADDED ENTRY--TOPICAL TERM
Topical term or geographic name entry element Mines and mineral resources
Geographic subdivision Louisiana.
650 #0 - SUBJECT ADDED ENTRY--TOPICAL TERM
Topical term or geographic name entry element Salt.
740 0# - ADDED ENTRY--UNCONTROLLED RELATED/ANALYTICAL TITLE
Uncontrolled related/analytical title Cap rock of Louisiana salt domes.

No items available.

Powered by Koha